000
00228nam a2200097Ia 4500
008
170620s9999 xx 000 0 und d
100
_a
Ganong-William.F
245
0
_a
Ereview of Medical Physiology
260
_b
Mc Graw Hill
260
_c
2005
300
_a
912
999
_c
27657
_d
27657